| 000 | 00980nam a2200229Ia 4500 | ||
|---|---|---|---|
| 999 |
_c38036 _d38036 |
||
| 001 | 4022 | ||
| 003 | GE_BSU | ||
| 005 | 20190521182653.0 | ||
| 008 | 181216s1978||||ge |||||||||||||| ||geo|| | ||
| 040 | _cGE_BSU | ||
| 041 | _ageo | ||
| 080 | _a53(075)+537 ღ-80 | ||
| 100 |
_aღონღაძე,დ. _91359 |
||
| 245 |
_aზოგადი ფიზიკის კურსი : ელექტრობა და მაგნეტიზმი : მეორე ნაწილი. _bსახელმძღვ. / _cდ.ღონღაძე ; რედ : მ.მრელაშვილი. |
||
| 250 | _aმესამე გადამ. გამოც. | ||
| 264 |
_aთბილისი : _bგანათლება, _c1978. |
||
| 300 |
_a470 გვ .: _c21 სმ. |
||
| 653 | _aზოგადი ფიზიკა | ||
| 653 | _aფიზიკა | ||
| 700 |
_aმრელაშვილი, მ _eრედაქტორი _9640 |
||
| 942 |
_cBK _2udc |
||